00516nam a2200193 a 4500001001300000003000900013005001700022008004100039020001000080082001800090100003100108245003100139260003000170300000900200500003500209505002400244650002300268700003100291nice12345678IN_TiNIC20260116014305.0050524s1988 riya grp 000 0 eng  ac10000a297.1227bPHI aPhilips, Abu Ameenah Bilal aTafseer Soorah Al-Hujuraat aRiyadhbTawheed Pubc1988 a240p aincludes index and biblioraphy2 aIndex, Bibliography aQuran-Hermeneutics1 aPhilips, Abu Ameenah Bilal